000 00579nam a2200181Ia 4500
003 GCL
008 140319s9999 xx 000 0 ara d
040 _aGCL /
_cGCL
082 0 4 _a928.1
_bع د
100 1 _aعبدالمعين ملوحى
245 1 0 _aدفاع عن ابى العلاء المعرى /
_cعبدالمعين ملوحى
250 _aالاولى
260 _aبيروت :
_bدار الكنوز الادبية ،
_c1994
300 _a175 ص ؛
_c16 سم
650 0 4 _aابوالعلاء المعرى
650 0 4 _aالشعراء - تراجم
942 _2ddc
_cBK
999 _c5526
_d5526